| 000 | 02314nam0a2200337 4500 | ||
|---|---|---|---|
| 001 | RU\NLR\BIBL_A\012023738 | ||
| 005 | 20190614094919.0 | ||
| 010 |
_a978-5-7731-0742-2 _9350 |
||
| 021 |
_aRU _bКН-П-19-032498 _9КН-П-19-2416 |
||
| 035 | _a(NLR Aleph) 012023738 | ||
| 035 | _a(RuMoRGB)009967789 | ||
| 090 |
_a11515019 _c11515019 |
||
| 100 | _a20190528d2019 k y0rusy50 ca | ||
| 101 | 0 | _arus | |
| 102 | _aRU | ||
| 105 | _aa|||j|||000zy | ||
| 200 | 1 |
_aПереходные процессы и спектры _eучебное пособие _e[для студентов направления 11.03.03 "Конструирование и технология электронных средств" (профиль "Проектирование и технология радиоэлектронных средств")] _fБ. В. Матвеев _gМинистерство науки и высшего образования Российской Федерации, Федеральное государственное бюджетное образовательное учреждение высшего образования "Воронежский государственный технический университет" |
|
| 210 |
_aВоронеж _cФГБОУ ВО "Воронежский государственный технический университет" _d2019 |
||
| 215 |
_a192 с. _cил. _d21 |
||
| 313 | _aПереходные процессы и спектры в радиотехнических цепях | ||
| 320 | _aБиблиогр.: с. 192 (10 назв.) | ||
| 606 | 1 |
_aРадиотехнические цепи _jУчебные издания для высших учебных заведений _xПереходные процессы _92044345 _3RU\NLR\AUTH\66942651 |
|
| 606 | 1 |
_aРадиосигналы _jУчебные издания для высших учебных заведений _xСпектры _91502584 _3RU\NLR\AUTH\66953482 |
|
| 686 | 1 | _aЗ811.11я73-1 | |
| 686 | 1 | _aЗ841-016.22я73-1 | |
| 700 | 1 |
_7ca _8rus _aМатвеев _bБ. В. _cканд. техн. наук _gБорис Васильевич _938135 _3RU\NLR\AUTH\7755203 |
|
| 942 | _cBOOK | ||
| 980 | _aNBR | ||
| 980 | _aNB | ||